Curso de física moderna

Bibliographic Details
Main Author: Acosta, Virgilio
Format: Section = Libro
Language:Undetermined
Spanish
Published: México Harla 1975
Subjects:
LEADER 00499nam a2200181Ia 4500
008 240829s9999 xx 000 0 und d
020 |a 968-6199-27-6 
040 |a BIBLIOTECA-RUPAP 530 A185 
041 |a spa 
082 |a 530 A185 
100 1 |a Acosta, Virgilio 
245 1 0 |a Curso de física moderna 
260 |a México  |b Harla  |c 1975 
300 |a 512 p. :il. 
650 7 |a FISICA MODERNA. I. Cowan, Clide L., coaut. II. Graham.B.J., coaut. III. Tít. 
942 |c BK  |2 ddc 
991 |a TEXTO 
999 |c 8349